000 004230000a22001690004500
005 20120302054152.0
942 _cBOOK
100 _a
_aHuxley,
_bJulian
_c
245 _a Living thoughts of Darwin
250 _a 2nd
260 _aLondon:
_bCassell and Co.,
_c1946
300 _a144p
490 _aThe Living Thoughts Library
040 _aENG
365 _bRs.
650 _a/Biography//Biography-Darwin//Darwin-Biology/
999 _c344872
_d344869